Nicaragua: entre la corrupción y la exclusión /

Guardado en:
Bibliografiske detaljer
Hovedforfatter: Serra, Luis
Format: Texto
Fag:
Tags: Tilføj Tag
Ingen Tags, Vær først til at tagge denne postø!

MARC

LEADER 00000 a a2200000 04500
001 10723
003
040
100 |a Serra, Luis  
245 |a Nicaragua:   |b entre la corrupción y la exclusión /  |c Luis Serra 
650 |a ELECCIONES  
650 |a PARTIDOS POLITICOS  
650 |a CORRUPCION  
650 |a GOBIERNO  
650 |a SOCIEDAD CIVIL  
650 |a MARGINALIDAD  
773 |g número 187; páginas 4-13  
999 |c 29536  |d 29536